Logo Biblioteca

Titanis : (Registro nro. 918)

Detalles MARC
000 -LEADER
fixed length control field 01206nam a22002657a 4500
003 - CONTROL NUMBER IDENTIFIER
control field AR-BaBN
005 - DATE AND TIME OF LATEST TRANSACTION
control field 20260225141625.0
008 - FIXED-LENGTH DATA ELEMENTS--GENERAL INFORMATION
fixed length control field 140806s2017 ag a dr 001 f spa
015 ## - NATIONAL BIBLIOGRAPHY NUMBER
National bibliography number AR-2017
020 ## - INTERNATIONAL STANDARD BOOK NUMBER
International Standard Book Number 978-950-46-4722-5
040 ## - CATALOGING SOURCE
Original cataloging agency AR-BaBN
Language of cataloging spa
Transcribing agency AR-RoUNCS
Description conventions aacr
044 ## - COUNTRY OF PUBLISHING/PRODUCING ENTITY CODE
MARC country code ag
ISO country code ar-c
080 1# - UNIVERSAL DECIMAL CLASSIFICATION NUMBER
Universal Decimal Classification number 82-311.9(82)
Edition identifier 2016
100 1# - MAIN ENTRY--PERSONAL NAME
Personal name Valentino, Esteban,
Dates associated with a name 1956-
Relator term autor
Relationship aut
245 13 - TITLE STATEMENT
Title Titanis :
Remainder of title el armario de la luna /
Statement of responsibility, etc. Esteban Valentino.
250 ## - EDITION STATEMENT
Edition statement 1a ed.
260 ## - PUBLICATION, DISTRIBUTION, ETC.
Place of publication, distribution, etc. Ciudad de Buenos Aires :
Name of publisher, distributor, etc. Loqueleo,
Date of publication, distribution, etc. 2017.
300 ## - PHYSICAL DESCRIPTION
Extent 219 p. :
Other physical details il. ;
Dimensions 22 cm.
490 0# - SERIES STATEMENT
Series statement Serie roja
520 3# - SUMMARY, ETC.
Summary, etc. Un poeta, una física, un médico, un matemático y una psicóloga emprenden una misión secreta en la nave Titanis. Treinta y cuatro años viajando con rumbo incierto en el espcio exterior. Renuncian a sus vidas y priorizan el conocimiento ante todo. Lo que no saben es que en enemigo se oculta en la nave y los obligará a enfrentarse a sus miedos más profundos. El único camino para sobrevivir será vencerlos (Notas del editor).
650 #7 - SUBJECT ADDED ENTRY--TOPICAL TERM
Source of heading or term embne
Topical term or geographic name entry element Literatura argentina
655 #7 - INDEX TERM--GENRE/FORM
Genre/form data or focus term Novelas de ciencia ficción
Source of term embne
655 #7 - INDEX TERM--GENRE/FORM
Genre/form data or focus term Novelas juveniles
Source of term embne
942 ## - ADDED ENTRY ELEMENTS (KOHA)
Source of classification or shelving scheme Universal Decimal Classification
Koha item type Obra General
Suppress in OPAC No
Existencias
Withdrawn status Lost status Source of classification or shelving scheme Damaged status Not for loan Collection Home library Current library Date acquired Total checkouts Full call number Barcode Date last seen Price effective from Koha item type
    Universal Decimal Classification     Colección General Biblioteca Escuela de Ciencias Sociales Biblioteca Escuela de Ciencias Sociales 25/02/2026   82-311.9(82) V161 000369 25/02/2026 25/02/2026 Obra General
Biblioteca de la Escuela Preuniversitaria en Ciencias Sociales y Humanísticas.
Riobamba 250 bis.
CP 2000 - Rosario - Santa Fe
E-Mail: biblioteca@esociales.unr.edu.ar